[Event "Cairo op"]
[Site "Cairo"]
[Date "1996.??.??"]
[Round "9"]
[White "Doghri, Nabil"]
[Black "Fatehy, Alamir"]
[Result "1-0"]
[WhiteElo "2350"]
[BlackElo "2020"]

1.e4 c5 2.Nf3 e6 3.Nc3 Nc6 4.d4 cxd4 5.Nxd4 Nf6 6.Ndb5 Bb4 7.a3 Bxc3+ 8.Nxc3 d5
9.exd5 exd5 10.Bd3 O-O 11.O-O d4 12.Ne2 Qd6 13.Bf4 Qd5 14.Re1 Bf5 15.Ng3 Bxd3
16.Qxd3 Nh5 17.Nxh5 Qxh5 18.Re4 f5 19.Re6 Rae8 20.Rae1 Rxe6 21.Rxe6 Re8 22.Qb3 Kh8
23.h3 h6 24.Kh2 Qf7 25.Rxh6+  1-0

[Event "Calcutta op"]
[Site "Calcutta"]
[Date "1996.??.??"]
[Round "1"]
[White "Neelakantan, Narayanan"]
[Black "Thipsay, Praveen Mahadeo"]
[Result "0-1"]
[WhiteElo "2295"]
[BlackElo "2475"]

1.e4 c5 2.Nf3 e6 3.d4 cxd4 4.Nxd4 Nc6 5.Nc3 Qc7 6.Be2 a6 7.O-O Nf6 8.Kh1 Be7
9.Be3 O-O 10.f4 d6 11.Qe1 Bd7 12.Nb3 b5 13.a3 b4 14.axb4 Nxb4 15.Rc1 e5 16.Qg3 Kh8
17.fxe5 dxe5 18.Nd4 Bc5 19.Nf5 Bxf5 20.Rxf5 Nd7 21.b3 Bxe3 22.Qxe3 f6 23.Rh5 Nb6
24.Nd5 N4xd5 25.exd5 g6 26.d6 Qxd6 27.Rh3 f5 28.c4 Qf6 29.Qc3 a5 30.Rd3 e4
31.Rd6 Qxc3 32.Rxc3 Nc8 33.Rd7 Ra7 34.Rd1 Ne7 35.c5 Rc8 36.Bb5 Rac7 37.c6 Kg7
38.Rd6 Rb8 39.Ba4 Kf7 40.g3 Nc8 41.Rd8 Ra8 42.Rc5 Ke7 43.Rcd5 Nb6 44.Rxa8 Nxd5
45.Rxa5 Nc3 46.Rc5 Nxa4 47.bxa4 Kd6 48.Rc2 Rxc6 49.Ra2 Kc5 50.Kg2 Kb4  0-1

[Event "Calcutta op"]
[Site "Calcutta"]
[Date "1996.??.??"]
[Round "1"]
[White "Volzhin, Alexander"]
[Black "Neelotpal, Das"]
[Result "1-0"]
[WhiteElo "2485"]
[BlackElo "2205"]

1.e4 c5 2.Nf3 e6 3.d4 cxd4 4.Nxd4 Nc6 5.Nc3 d6 6.Be3 Nf6 7.f4 Be7 8.Be2 a6
9.O-O Qc7 10.Qe1 O-O 11.Qg3 Bd7 12.Kh1 b5 13.e5 dxe5 14.fxe5 Ne8 15.Ne4 Nxd4
16.Bxd4 Bc6 17.Bd3 Rd8 18.c3 Bd5 19.Ng5 g6 20.a4 Bc4 21.Bxc4 Qxc4 22.Rf4 Ng7
23.Bb6 Nh5 24.Rxc4 Nxg3+ 25.hxg3 bxc4 26.Bxd8 Rxd8 27.Nf3 a5 28.Kg1 Bc5+
29.Kf1 Rb8 30.Ra2 Be3 31.Ke2 Bc1 32.Kd1 Be3 33.g4 Kf8 34.Kc2 h5 35.gxh5 gxh5
36.Ra1 Ke7 37.Re1 Ba7 38.Nd2 Rg8 39.Nxc4 Rxg2+ 40.Kd3 Bf2 41.Rh1 h4 42.Nxa5 Rg8
43.Nc4 Kd7 44.Nd2 Bg3 45.Nf3 Ra8 46.b3 Kc6 47.Ke4 Kb6  1-0

[Event "Calcutta op"]
[Site "Calcutta"]
[Date "1996.??.??"]
[Round "1"]
[White "Joydev, Saha"]
[Black "Tilak, Sharad S"]
[Result "0-1"]
[WhiteElo "2135"]
[BlackElo "2385"]

1.e4 c5 2.Nf3 e6 3.d4 cxd4 4.Nxd4 Nc6 5.Nc3 Qc7 6.Be2 a6 7.O-O Nf6 8.Be3 d6
9.a4 Be7 10.Kh1 O-O 11.f4 Bd7 12.Nb3 b6 13.Bf3 Rab8 14.Qe2 Bc8 15.Rad1 Na5
16.Nxa5 bxa5 17.Bc1 Rb4 18.Rd3 Nd7 19.b3 Nc5 20.Re3 Bf6 21.Na2 Rb8 22.e5 Be7
23.Rc3 Bb7 24.Ba3 dxe5 25.fxe5 Bxf3 26.Rfxf3 Rbd8 27.Rf1 Rd5 28.Re1 Rfd8
29.Re3 Bg5 30.Rc3 Rxe5 31.Qf1 Rxe1 32.Qxe1 Bd2 33.Qg1 Bxc3 34.Bxc5 Qe5 35.h3 Bd4
36.Bxd4 Qxd4 37.Nc1 Qxg1+ 38.Kxg1 Rd1+  0-1

[Event "Calcutta op"]
[Site "Calcutta"]
[Date "1996.??.??"]
[Round "3"]
[White "Roy Chowdhury, Saptarshi"]
[Black "Tilak, Sharad S"]
[Result "1/2-1/2"]
[WhiteElo "2150"]
[BlackElo "2385"]

1.e4 c5 2.Nf3 e6 3.d4 cxd4 4.Nxd4 Nc6 5.Nc3 Qc7 6.Be2 a6 7.O-O Nf6 8.Be3 Bb4
9.Na4 O-O 10.Nxc6 bxc6 11.Nb6 Rb8 12.Nxc8 Rfxc8 13.Bxa6 Rd8 14.Bd3 Bd6 15.f4 e5
16.f5 Rxb2 17.g4 Qa5 18.g5 Bc5 19.Bxc5 Qxc5+ 20.Kh1 Ne8 21.Qh5 d5 22.Rae1 dxe4
23.Rxe4 Rd4 24.Qf3 Rxe4 25.Bxe4 Nd6 26.Rd1 g6 27.fxg6 hxg6 28.Qf6 Qe3 29.Bxg6 fxg6
30.Qxg6+ Kh8 31.Qh6+ Kg8 32.Qg6+ Kh8 33.Qh6+ Kg8  1/2-1/2

[Event "Calcutta op"]
[Site "Calcutta"]
[Date "1996.??.??"]
[Round "4"]
[White "Hasan, Kayes"]
[Black "Mishra, Neeraj Kumar"]
[Result "1-0"]
[WhiteElo "2220"]
[BlackElo "2390"]

1.e4 c5 2.Nf3 e6 3.d4 cxd4 4.Nxd4 Nc6 5.Nc3 a6 6.Be2 Nge7 7.Be3 Nxd4 8.Bxd4 Nc6
9.Be3 Qc7 10.O-O Be7 11.f4 d6 12.Bd3 b5 13.Qh5 b4 14.Ne2 g6 15.Qh6 Bf8 16.Qh4 Bg7
17.Rab1 Qe7 18.Qf2 f5 19.exf5 gxf5 20.Nd4 Nxd4 21.Bxd4 Bxd4 22.Qxd4 Qa7 23.Qxa7 Rxa7
24.a3 bxa3 25.bxa3 Kd7 26.Rf3 Rb7 27.Rxb7+ Bxb7 28.Rg3 Re8 29.Rg7+ Re7 30.Rxe7+ Kxe7
31.g4 fxg4 32.Bxh7 e5 33.fxe5 dxe5 34.Bf5 Bf3 35.Kf2 Kf6 36.Bc8 a5 37.Kg3 Bd1
38.c4 e4 39.Kf4 e3 40.Kxe3 Ke5 41.Bb7 Bc2 42.c5 Bf5 43.Kf2 Kf4 44.c6 Be4
45.Ba8 Bf5 46.c7 Bc8 47.Bg2 Ke5 48.Kg3 Kd6 49.Bf1 Kxc7 50.Be2 Kd6 51.Bxg4 Ba6
52.Kf4 Ke7 53.Ke5 Kf7 54.h4 Kg6 55.Kd6 Bc4 56.Bd1 a4 57.Bxa4 Kh5 58.Be8+ Kxh4
59.a4  1-0

[Event "Calcutta op"]
[Site "Calcutta"]
[Date "1996.??.??"]
[Round "5"]
[White "Reefat bin Satter"]
[Black "Tilak, Sharad S"]
[Result "1/2-1/2"]
[WhiteElo "2465"]
[BlackElo "2385"]

1.e4 c5 2.Nf3 e6 3.d4 cxd4 4.Nxd4 Nc6 5.Nc3 Qc7 6.Be3 a6 7.Bd3 Nf6 8.O-O Ne5
9.h3 d6 10.Qe2 Be7 11.f4 Ng6 12.a4 O-O 13.Nb3 b6 14.g4 Re8 15.g5 Nd7 16.h4 Bb7
17.h5 Ngf8 18.Rad1 Nc5 19.Nxc5 bxc5 20.Bc4 d5 21.exd5 Bxg5 22.fxg5 Qg3+ 23.Qg2 Qxe3+
24.Kh1 exd5 25.Bxd5 Bxd5 26.Nxd5 Qe5 27.Qf3 Ra7 28.Qf4 Qxf4 29.Rxf4  1/2-1/2

[Event "Calcutta op"]
[Site "Calcutta"]
[Date "1996.??.??"]
[Round "5"]
[White "Chanda, Sandipan"]
[Black "Satyapragyan, S."]
[Result "1/2-1/2"]
[WhiteElo "2130"]
[BlackElo "2205"]

1.e4 c5 2.Nf3 Nc6 3.Nc3 e6 4.d4 cxd4 5.Nxd4 Qc7 6.Be3 a6 7.a3 Nf6 8.Be2 Be7
9.O-O O-O 10.f4 d6 11.Bf3 Nxd4 12.Bxd4 e5 13.Be3 exf4 14.Bxf4 Qb6+ 15.Kh1 Qxb2
16.Qd4 Ng4 17.Bxg4 Bf6 18.Qxd6 Qxc3 19.Bf3 Rd8 20.Qb6 Qd4 21.Qc7 Be6 22.Rad1 Qa4
23.Qxb7 Qxa3 24.e5 Be7  1/2-1/2

[Event "Calcutta op"]
[Site "Calcutta"]
[Date "1996.??.??"]
[Round "8"]
[White "Prasad, Devaki V"]
[Black "Soman, Satchidanand"]
[Result "1/2-1/2"]
[WhiteElo "2445"]
[BlackElo "2320"]

1.e4 c5 2.Nf3 e6 3.d4 cxd4 4.Nxd4 Nc6 5.Nc3 Qc7 6.Be2 a6 7.O-O b5 8.Nxc6 Qxc6
9.e5 Bb7 10.Bf3 Qc7 11.Bxb7 Qxb7 12.Qg4 d6 13.exd6 Nf6 14.Qd4 b4 15.Ne2 Rd8
16.Bf4 Qe4 17.Qd2 Nd5 18.Rfe1 Qc4 19.b3 Qc5 20.Be5 Nf6 21.Ng3 Bxd6 22.Bxf6 gxf6
23.Qe2 Bxg3 24.hxg3 O-O 25.Rad1 a5 26.Qg4+ Kh8 27.Qh4 Qf5  1/2-1/2

[Event "Calcutta op"]
[Site "Calcutta"]
[Date "1996.??.??"]
[Round "8"]
[White "Thipsay, Praveen Mahadeo"]
[Black "Al Modiahki, Mohamad"]
[Result "1-0"]
[WhiteElo "2475"]
[BlackElo "2425"]

1.e4 c5 2.Nf3 e6 3.d4 cxd4 4.Nxd4 Nc6 5.Nc3 Qc7 6.Be2 a6 7.O-O Nf6 8.Be3 Bb4
9.Na4 O-O 10.Nxc6 bxc6 11.c4 Bd6 12.f4 Nxe4 13.Bd3 Nf6 14.Bb6 Qb8 15.Bd4 Be7
16.c5 Rd8 17.Nb6 d6 18.Nxa8 dxc5 19.Bxf6 Bxf6 20.Qe2 Qxa8 21.f5 Qb8 22.Rab1 Qb4
23.Kh1 a5 24.a3 Qh4 25.Rbd1 Bd4 26.Rde1 h6 27.Qf3 exf5 28.Bxf5 Qf6 29.Qe4 Bxf5
30.Rxf5 Qd6 31.Qc2 Qg6 32.Ref1 Bxb2 33.Qb3 Qe6 34.Qf3 Bf6 35.a4 Rd4 36.h3 Rxa4
37.Rxc5 Rc4 38.Rxc4 Qxc4 39.Rd1 a4 40.Re1 a3 41.Re8+ Kh7 42.Qf5+ g6 43.Qxf6  1-0

[Event "Calcutta op"]
[Site "Calcutta"]
[Date "1996.??.??"]
[Round "9"]
[White "Joydev, Saha"]
[Black "Mishra, Neeraj Kumar"]
[Result "0-1"]
[WhiteElo "2135"]
[BlackElo "2390"]

1.e4 c5 2.Nf3 e6 3.d4 cxd4 4.Nxd4 Nc6 5.Nc3 Qc7 6.Be3 a6 7.Bd3 Nf6 8.O-O Ne5
9.h3 Bc5 10.Qe2 Ng6 11.Rad1 O-O 12.Nf3 Bxe3 13.Qxe3 d6 14.Rfe1 e5 15.Rd2 b5
16.a3 Be6 17.Red1 Rfd8 18.Bf1 h6 19.Ne1 Rab8 20.g3 b4 21.axb4 Rxb4 22.Nd3 Rd4
23.f4 Bc8 24.Nf2 Rxd2 25.Rxd2 d5 26.exd5 exf4 27.gxf4 Re8 28.d6 Qc6 29.Qg3 Nh5
30.Qg2 Qb6 31.d7 Bxd7 32.Rxd7 Ngxf4 33.Nd5 Qxb2 34.Nxf4 Nxf4 35.Qg4 Qe5 36.Qd1 Qe3
37.Rd8 Nxh3+ 38.Bxh3 Qg5+ 39.Qg4 Qxd8 40.Bg2  0-1

[Event "Calcutta op"]
[Site "Calcutta"]
[Date "1996.??.??"]
[Round "10"]
[White "Ramesh, RB."]
[Black "Al Modiahki, Mohamad"]
[Result "1/2-1/2"]
[WhiteElo "2415"]
[BlackElo "2425"]

1.e4 c5 2.Nf3 e6 3.d4 cxd4 4.Nxd4 Nc6 5.Nc3 Qc7 6.Be2 a6 7.O-O Nf6 8.Kh1 Nxd4
9.Qxd4 Bc5 10.Qd3 b5 11.f4 Bb7 12.Bf3 h5 13.e5 Ng4 14.Ne4 Rb8 15.Nxc5 Qxc5
16.Qe2 Qc4 17.Qxc4 bxc4 18.b3 f6 19.Be2 cxb3 20.axb3 O-O 21.h3 Nh6 22.exf6 gxf6
23.Bxh5 Nf5 24.Kh2 Nd4 25.Bd1 Rfc8 26.Rf2 Be4 27.Rxa6 Nxc2 28.Bxc2 Rxc2 29.Rxc2 Bxc2
30.Rd6 Rb7 31.b4 Be4 32.Be3 Rxb4 33.Rxd7 Rb2 34.Bd2 Bd5 35.Rxd5 exd5 36.Bc3 Rb6
37.Bd4 Rc6 38.Kg3 Kf7 39.Kf3 Rc4 40.Ke3 Ra4 41.Bc5 Ke6 42.g4 Re4+ 43.Kf3 Rc4
44.Be3 d4 45.Bd2 Rc2 46.Ke2 Kd5 47.g5 fxg5 48.fxg5 Ke4 49.h4 d3+ 50.Kd1  1/2-1/2

[Event "Calcutta op"]
[Site "Calcutta"]
[Date "1996.??.??"]
[Round "11"]
[White "Barua, Dibyendu"]
[Black "Mishra, Neeraj Kumar"]
[Result "1-0"]
[WhiteElo "2520"]
[BlackElo "2390"]

1.e4 c5 2.Nf3 e6 3.d4 cxd4 4.Nxd4 Nc6 5.Nc3 Qc7 6.Be2 a6 7.O-O Nf6 8.Be3 Bb4
9.Na4 Be7 10.Nxc6 bxc6 11.Nb6 Rb8 12.Nxc8 Qxc8 13.e5 Nd5 14.Bc1 Bc5 15.c4 Ne7
16.b3 Qc7 17.Bb2 O-O 18.Bd3 Ng6 19.Qh5 Rbd8 20.Rad1 d6 21.exd6 Bxd6 22.g3 f5
23.Rfe1 Rde8 24.c5 Bxc5 25.Bc4 Kh8 26.Rxe6 Rxe6 27.Bxe6 Qa5 28.Qh6 Ne5 29.Bxe5 Bxf2+
30.Kxf2 Qxe5 31.Qe3 Qf6 32.Bc4 f4 33.gxf4 Qh4+ 34.Qg3 Rxf4+ 35.Ke3  1-0

[Event "Cannes Martinez op"]
[Site "Cannes"]
[Date "1996.??.??"]
[Round "4"]
[White "Guillon, Cyril"]
[Black "Todorov, Ognjan"]
[Result "1/2-1/2"]
[WhiteElo "2220"]
[BlackElo "2375"]

1.e4 c5 2.Nf3 e6 3.d4 cxd4 4.Nxd4 Nc6 5.Nc3 Qc7 6.g3 a6 7.Bg2 Nf6 8.O-O Bc5
9.Nb3 Be7 10.f4 d6 11.Be3 Rb8 12.a4 b6 13.g4  1/2-1/2

[Event "Cannes Martinez op"]
[Site "Cannes"]
[Date "1996.??.??"]
[Round "8"]
[White "Mitkov, Nikola"]
[Black "Lazarev, Vladimir"]
[Result "1-0"]
[WhiteElo "2470"]
[BlackElo "2455"]

1.e4 c5 2.Nc3 Nc6 3.Nf3 e6 4.d4 cxd4 5.Nxd4 Qc7 6.Be3 a6 7.Nxc6 Qxc6 8.a4 Nf6
9.e5 Ne4 10.Nxe4 Qxe4 11.Qd4 Qxc2 12.Bd3 Qc7 13.O-O d5 14.Rfc1 Qa5 15.Bd2 Qd8
16.Rc3 f5 17.Rac1 Be7 18.Rc7 O-O 19.Ba5 Qe8 20.Bb4 Bd7 21.Rxb7 Bxb4 22.Qxb4 Rc8
23.Rxc8 Bxc8 24.Rc7 Rf7 25.Qb8 Rxc7 26.Qxc7 Bd7 27.b3 Qc8 28.Qxc8+ Bxc8 29.b4 Kf8
30.f4 Ke7 31.a5 Kd7 32.b5 axb5 33.Bxb5+ Kc7 34.Kf2 Bd7 35.Bd3 Kc6 36.Ke3 Kc5
37.h3 Bb5 38.a6 Bc6 39.g4 g6 40.g5 d4+ 41.Kd2 Bd5 42.h4 Kb6 43.Be2 Kc5 44.h5 Bc6
45.h6 Be8 46.Bd1 Kb6 47.Be2 Bd7 48.Bc4 Bc8 49.Kc2 d3+ 50.Kd2 Ka7 51.Bb5 Bxa6
52.Be8 Kb6 53.Bxg6  1-0

[Event "Cappelle op"]
[Site "Cappelle la Grande "]
[Date "1996.??.??"]
[Round "3"]
[White "Stefansson, Hannes"]
[Black "Lukov, Valentin"]
[Result "1/2-1/2"]
[WhiteElo "2540"]
[BlackElo "2450"]

1.e4 c5 2.Nf3 e6 3.d4 cxd4 4.Nxd4 Nc6 5.Nc3 a6 6.Nxc6 bxc6 7.Bd3 d5 8.O-O Nf6
9.Qe2 Be7 10.b3 c5 11.Bg5 O-O 12.Rad1 Bb7 13.exd5 exd5 14.Rfe1 Re8 15.Qf3 Qd7
16.Bf5 Qc6 17.Bxf6 Bxf6 18.Rxe8+ Rxe8 19.Qh3 Re5 20.Bxh7+ Kf8 21.Bd3 d4 22.Ne2 Rh5
23.Qf3 Qxf3 24.gxf3 Bxf3 25.Re1 Bxe2  1/2-1/2

[Event "Cappelle op"]
[Site "Cappelle la Grande "]
[Date "1996.??.??"]
[Round "3"]
[White "Galdunts, Sergey"]
[Black "Brodsky, Michail"]
[Result "1/2-1/2"]
[WhiteElo "2450"]
[BlackElo "2545"]

1.e4 c5 2.Nc3 e6 3.Nf3 Nc6 4.d4 cxd4 5.Nxd4 a6 6.g3 d6 7.Bg2 Bd7 8.O-O Nf6
9.Re1 Be7 10.Nb3 Qc7 11.f4 Rd8 12.Qe2 Bc8  1/2-1/2

[Event "Cappelle op"]
[Site "Cappelle la Grande "]
[Date "1996.??.??"]
[Round "3"]
[White "Ulibin, Mikhail"]
[Black "Kirov, Nino"]
[Result "1-0"]
[WhiteElo "2535"]
[BlackElo "2435"]

1.e4 c5 2.Nf3 e6 3.d4 cxd4 4.Nxd4 Nc6 5.Nc3 a6 6.f4 Qc7 7.Nb3 d6 8.Be3 Nf6
9.Bd3 Be7 10.O-O O-O 11.g4 b5 12.g5 Nd7 13.Qh5 g6 14.Qh6 Re8 15.Rf3 Bf8 16.Qh4 b4
17.Rh3 h5 18.Ne2 Bg7 19.Rf1 Bxb2 20.f5 exf5 21.Nf4 Ne7 22.exf5 Nf8 23.Nxh5 gxh5
24.Qxh5 Nxf5 25.Nd4 Nh6 26.gxh6 Bxh3 27.Qg5+ Ng6 28.Qf6  1-0

[Event "Cappelle op"]
[Site "Cappelle la Grande "]
[Date "1996.??.??"]
[Round "5"]
[White "Stefansson, Hannes"]
[Black "Kirov, Nino"]
[Result "1/2-1/2"]
[WhiteElo "2540"]
[BlackElo "2435"]

1.e4 c5 2.Nf3 e6 3.d4 cxd4 4.Nxd4 Nc6 5.Nc3 Qc7 6.f4 a6 7.Nxc6 Qxc6 8.Bd3 b5
9.Qe2 Bb7 10.Bd2 Nf6 11.a3 b4 12.axb4 Bxb4 13.e5 Nd5 14.Nxd5 Bxd2+ 15.Qxd2 Qxd5
16.O-O O-O 17.b4 d6 18.exd6 Rad8 19.Qf2 Qxd6 20.Rfb1 Rd7 21.Ra5 h6 22.Rc5 Rfd8
23.Ra5  1/2-1/2

[Event "Cappelle op"]
[Site "Cappelle la Grande "]
[Date "1996.??.??"]
[Round "6"]
[White "Yakovich, Yuri"]
[Black "Lukov, Valentin"]
[Result "1-0"]
[WhiteElo "2540"]
[BlackElo "2450"]

1.e4 c5 2.Nc3 Nc6 3.Nf3 e6 4.d4 cxd4 5.Nxd4 Qc7 6.g3 a6 7.Bg2 Nf6 8.O-O d6
9.Re1 Bd7 10.Nxc6 bxc6 11.Na4 Rb8 12.c4 c5 13.Nc3 Be7 14.Bf4 O-O 15.e5 Ne8
16.Ne4 dxe5 17.Bxe5 Qxe5 18.Qxd7 Qc7 19.Rad1 Rd8 20.Qa4 Qb6 21.Rd7 Rxd7 22.Qxd7 Bf6
23.Qc6 Qa5 24.Re2 Bd4 25.a3 h6 26.Bf3 Kh8 27.Kg2 Qc7 28.Qxa6 f5 29.Nc3 e5
30.Nb5 Qe7 31.Qb7 Qf6 32.Bd5 e4 33.b4 f4 34.Bxe4 fxg3 35.hxg3 Bxf2 36.Qc6 Bd4
37.Qxf6 Bxf6 38.bxc5 Bd8 39.c6 g5  1-0

[Event "Castellar op"]
[Site "?"]
[Date "1996.??.??"]
[Round "?"]
[White "Ziatdinov, Raset"]
[Black "Perdomo, Carlos Andres"]
[Result "1-0"]
[WhiteElo "2475"]
[BlackElo "2305"]

1.e4 c5 2.Nf3 e6 3.d4 cxd4 4.Nxd4 Nc6 5.Nc3 Qc7 6.Be3 Nf6 7.Bd3 a6 8.O-O b5
9.f4 Bc5 10.Nf5 Bxe3+ 11.Nxe3 b4 12.Na4 Qa7 13.Qf3 Bb7 14.Kh1 Nd4 15.Qg3 Nxe4
16.Qxg7 O-O-O 17.Nc4 Nf5 18.Nab6+ Kb8 19.Nxd7+ Kc7 20.Qe5+ Kxd7 21.Bxe4 Bxe4
22.Qxe4 a5 23.Rfe1 Rhg8 24.Rad1+ Ke7 25.Rxd8 Kxd8 26.Qd3+ Qd7 27.Re5 Qxd3
28.cxd3 Ke7 29.Rxa5 h5 30.Ne5 h4 31.Ra7+  1-0

[Event "Castellar op"]
[Site "?"]
[Date "1996.??.??"]
[Round "?"]
[White "Moya, Miguel"]
[Black "Marciano, David"]
[Result "0-1"]
[WhiteElo "2340"]
[BlackElo "2495"]

1.e4 c5 2.Nf3 e6 3.d4 cxd4 4.Nxd4 Nc6 5.Nc3 Qc7 6.Be2 a6 7.O-O Nf6 8.Be3 Bb4
9.f4 Bxc3 10.bxc3 Nxe4 11.Bd3 d5 12.Qh5 O-O 13.Rf3 g6 14.Qh6 f6 15.g4 Qg7
16.Qh4 Bd7 17.Bxe4 dxe4 18.Rg3 e5 19.fxe5 fxe5 20.Nxc6 Bxc6 21.Rd1 Qf6 22.Qh6 Rad8
23.Re1 Rf7 24.Rg2 Rdf8 25.Rf2 Qe6 26.h3 Rxf2 27.Bxf2 e3 28.Bxe3 Qd5  0-1

[Event "Catalunya-chT"]
[Site "Catalunya"]
[Date "1996.??.??"]
[Round "?"]
[White "Baches Garcia, Guillermo"]
[Black "Fernandez Aguado, Enrique"]
[Result "1/2-1/2"]
[WhiteElo "2130"]
[BlackElo "2385"]

1.e4 c5 2.Nf3 e6 3.d4 cxd4 4.Nxd4 Nc6 5.Nc3 Qc7 6.Be2 a6 7.O-O Nf6 8.Be3 d6
9.f4 Be7 10.Qe1 O-O 11.Qg3 d5 12.e5 Ne4 13.Nxe4 dxe4 14.Kh1 Bd7 15.c3 f5
16.exf6 Bxf6 17.Rad1 Rae8 18.Nb3 Ne7 19.Nc5 Nf5 20.Qf2 Bc6 21.Bc4 Qc8 22.Qe2 b5
23.Bb3 Kh8 24.Bc2 e5 25.fxe5 Rxe5 26.Bd4 Re7 27.Bxf6 Rxf6 28.Nxe4 Nh4 29.Rxf6 gxf6
30.Qf2 Qf5 31.Qxh4 Bxe4 32.Bxe4 Rxe4 33.Qg3 Rg4 34.Qe3 Qe4 35.Qxe4 Rxe4 36.Kg1 Re2
37.Rd6 a5 38.Rb6 Rxb2 39.a4 b4 40.cxb4 Rxb4 41.Rxf6  1/2-1/2

[Event "Catalunya-chT"]
[Site "Catalunya"]
[Date "1996.??.??"]
[Round "?"]
[White "Lacasa, JA."]
[Black "Cuadras, Jorge"]
[Result "1/2-1/2"]
[WhiteElo "2335"]
[BlackElo "2280"]

1.e4 c5 2.Nf3 e6 3.d4 cxd4 4.Nxd4 Nc6 5.Nc3 d6 6.Be3 Nf6 7.Bc4 Be7 8.Bb3 a6
9.f4 Qc7 10.Qf3 O-O 11.O-O-O Bd7 12.g4 Nxd4 13.Bxd4 Bc6 14.f5 d5 15.e5 Nd7
16.f6 gxf6 17.exf6 Bd6 18.Rhf1 Kh8 19.g5 Rg8 20.h4 b5 21.Qg4 Ne5 22.Qg1 b4
23.h5 bxc3 24.g6 cxb2+ 25.Kb1 Nxg6 26.hxg6 Rxg6 27.Qf2 e5 28.Rh1 exd4 29.Qh4 h6
30.Qxh6+ Rxh6 31.Rxh6+ Kg8 32.Rg1+ Bg3 33.Rgh1 Bh2 34.R6xh2 Qxh2 35.Rxh2 a5
36.a4 Rb8 37.Rg2+ Kh7 38.Rg7+ Kh6 39.Rxf7 d3 40.Rg7 Rb4 41.Rg3 d2 42.Rd3 Kg6
43.Rxd2 Kxf6 44.Kxb2  1/2-1/2

[Event "Ceske Budejovice op"]
[Site "Ceske Budejovice"]
[Date "1996.??.??"]
[Round "3"]
[White "Maiorov, Oleg"]
[Black "Lingnau, Carsten"]
[Result "0-1"]
[WhiteElo "2470"]
[BlackElo "2380"]

1.e4 c5 2.Nf3 e6 3.d4 cxd4 4.Nxd4 Nc6 5.Nc3 Qc7 6.Be3 a6 7.Bd3 Nf6 8.O-O Ne5
9.h3 Bc5 10.Na4 Ba7 11.c4 d6 12.b4 Bd7 13.Nb2 Nc6 14.Nc2 Bxe3 15.fxe3 Ne5
16.Nd4 O-O 17.Nf3 Qb6 18.Nxe5 Qxe3+ 19.Kh2 dxe5 20.Qc2 Rad8 21.a4 a5 22.b5 Qc5
23.Qd2 b6 24.Qg5 h6 25.Qh4 Nh7 26.Rf2 Bc8 27.Raf1 Rd4 28.Bb1 Bb7 29.Qh5 f6
30.Qg4 Ng5 31.Qh5 Nxe4 32.Qg6 Qe7 33.Re2 f5 34.Nd3 Qd6 35.Nf2 Nc5 36.Ng4 e4+  0-1

[Event "CZE-chJ"]
[Site "Cesky Brod"]
[Date "1996.??.??"]
[Round "?"]
[White "Civin, Tomas"]
[Black "Suran, Jan"]
[Result "1-0"]
[WhiteElo "2275"]
[BlackElo "2300"]

1.e4 c5 2.Nc3 Nc6 3.Nge2 e6 4.d4 cxd4 5.Nxd4 Qc7 6.Be3 Nf6 7.Qd2 a6 8.f3 Bb4
9.g4 h6 10.a3 Be7 11.O-O-O b5 12.Nxc6 dxc6 13.h4 e5 14.Bh3 Be6 15.g5 Rd8
16.Qe1 hxg5 17.Bxe6 fxe6 18.hxg5 Rxd1+ 19.Nxd1 Rxh1 20.Qxh1 Nd7 21.Qh5+ Kf8
22.Nf2 Kg8 23.Qe8+ Nf8 24.g6 Qd7 25.Qf7+ Kh8 26.Bh6  1-0

[Event "Cetinje"]
[Site "Cetinje"]
[Date "1996.??.??"]
[Round "?"]
[White "Vukovic, Zdravko"]
[Black "Poluljahov, Aleksandr"]
[Result "0-1"]
[WhiteElo "2475"]
[BlackElo "2480"]

1.e4 c5 2.Nf3 e6 3.d4 cxd4 4.Nxd4 Nc6 5.Nc3 Qc7 6.Be2 a6 7.O-O Nf6 8.Kh1 d6
9.Bg5 Be7 10.f4 O-O 11.Nf3 b5 12.Bd3 h6 13.Bh4 Nb4 14.e5 Nfd5 15.Bxe7 Qxe7
16.Be4 Bb7 17.exd6 Qxd6 18.a3 Qc7 19.Qc1 Nxc3 20.Bxb7 Qxb7 21.axb4 Nd5 22.c3 Rfd8
23.Rd1 Qc7 24.Rd4 a5 25.bxa5 Rxa5 26.Rxa5 Qxa5 27.h3 Nf6 28.Kh2 Rxd4 29.Nxd4 Nd5
30.f5 e5 31.Nf3 Qc7 32.Kh1 e4 33.Nd4  0-1

[Event "Cetinje"]
[Site "Cetinje"]
[Date "1996.??.??"]
[Round "?"]
[White "Vukovic, Zdravko"]
[Black "Brajovic, Radovan"]
[Result "1-0"]
[WhiteElo "2475"]
[BlackElo "2390"]

1.e4 c5 2.Nf3 e6 3.d4 cxd4 4.Nxd4 Nc6 5.Nc3 Qc7 6.Be2 a6 7.O-O b5 8.Nxc6 dxc6
9.a4 b4 10.Nb1 Bb7 11.Bd3 Nf6 12.Nd2 Nd7 13.Nc4 Nc5 14.Qf3 Bd6 15.Rd1 Bxh2+
16.Kh1 Be5 17.Be2 f6 18.Be3 Nd7 19.Qh3 Ke7 20.Bg4 c5 21.Bxe6 Nf8 22.Nxe5 Nxe6
23.Rd7+ Qxd7 24.Nxd7 Kxd7 25.Bxc5 Rae8 26.Rd1+  1-0

[Event "Cetinje"]
[Site "Cetinje"]
[Date "1996.??.??"]
[Round "?"]
[White "Vukovic, Zdravko"]
[Black "Kirov, Nino"]
[Result "1/2-1/2"]
[WhiteElo "2475"]
[BlackElo "2435"]

1.e4 c5 2.Nf3 e6 3.d4 cxd4 4.Nxd4 Nc6 5.Nc3 Qc7 6.Be2 a6 7.O-O Nf6 8.Kh1 Be7
9.f4 d6 10.Be3 O-O 11.Qe1 Na5 12.b3 b5 13.e5 dxe5 14.fxe5 Qxe5 15.Bf3 Bd6
16.Qh4 Bb7 17.Bxb7 Nxb7 18.Bg5 Ng4 19.Rf4 f5 20.Re1 Qc5 21.Nxe6 Qxc3 22.Rf3 Qxc2
23.Nxf8 Rxf8 24.Be7 Re8 25.Bxd6 Nxd6 26.Rxe8+ Nxe8 27.Qe1 Qe4 28.Qc1 Qe5
29.Qf4 Nd6 30.Qxe5 Nxe5 31.Rc3 g5 32.Rc5 Nef7 33.Rc6 a5 34.a4 bxa4 35.bxa4 Nb7
36.Rc8+ Nfd8 37.Rc7 Nd6 38.Rd7 N8b7 39.g3 h5 40.Kg2 g4 41.h4 gxh3+ 42.Kxh3 Kf8
43.Kh4 Ke8 44.Rc7 Kd8 45.Rh7 Nc5 46.Kxh5 Kc8 47.Ra7 Nc4 48.Kg5 Kb8 49.Rh7 Nd6
50.Kf4 Nxa4 51.Ke5 Ne4 52.g4  1/2-1/2

[Event "Cetinje"]
[Site "Cetinje"]
[Date "1996.??.??"]
[Round "?"]
[White "Tringov, Georgi P"]
[Black "Tregubov, Pavel V"]
[Result "1/2-1/2"]
[WhiteElo "2440"]
[BlackElo "2470"]

1.e4 c5 2.Nf3 Nc6 3.d4 cxd4 4.Nxd4 e6 5.Nc3 Qc7 6.g3 a6 7.Bg2 d6 8.O-O Bd7
9.Nxc6 Bxc6 10.a4 Nf6 11.a5 Be7 12.Be3 O-O 13.Bb6 Qb8 14.Re1 Re8 15.Bd4 Nd7
16.Na4 Bd8 17.Qd2 b5 18.axb6 e5 19.Be3 Bxa4 20.Rxa4 Bxb6 21.Bxb6 Qxb6 22.Ra2  1/2-1/2

[Event "Cetinje"]
[Site "Cetinje"]
[Date "1996.??.??"]
[Round "?"]
[White "Nikac, Predrag"]
[Black "Poluljahov, Aleksandr"]
[Result "1/2-1/2"]
[WhiteElo "2380"]
[BlackElo "2480"]

1.e4 c5 2.Nf3 Nc6 3.d4 cxd4 4.Nxd4 e6 5.Nc3 Qc7 6.Be2 a6 7.O-O Nf6 8.Kh1 Be7
9.f4 d6 10.Be3 O-O 11.Qe1 Na5 12.Qg3 Nc4 13.Bc1 b5 14.b3 Nb6 15.e5 b4 16.Bb2 dxe5
17.fxe5 bxc3 18.exf6 Qxg3 19.hxg3 Bxf6 20.Bxc3 Nd5 21.Bb2 Ne3 22.Rxf6 gxf6
23.Bf3 Ra7 24.Re1 Nf5 25.Nxf5 exf5 26.Bxf6 Rc7 27.c4 Bb7 28.Bxb7 Rxb7 29.Re5 h6
30.Rxf5 Re8 31.Rf2 Kh7 32.Kh2 h5 33.Kh3 Re4 34.Rd2 Rb6 35.Bd8 Rbe6 36.c5 Kg6
37.Rc2 Rc6 38.Ba5 Kf5 39.a4 Ke6 40.b4 Kd5 41.Rf2 f6 42.Rf5+ Kc4 43.Rxh5 Re5
44.Kg4 Rxh5 45.Kxh5 Kb3 46.Kg6 Kxa4 47.g4 Kb5 48.Kf7 Rc8 49.Kxf6 Rf8+ 50.Kg7 Rf4
51.g5 Rg4 52.g6 Kc6 53.Kf7 Rxg2 54.Bd8 Rf2+ 55.Kg8 Kd7 56.Bb6 Rf4 57.Ba5 Rg4
58.Kg7 Rg1 59.Kf7 Rf1+ 60.Kg8 Rg1 61.g7 Rg2 62.Bb6 Rg3 63.Ba7 Kc6 64.Bb6 Kd7
65.Ba7 Kc6 66.Bb8 Rxg7+ 67.Kxg7 a5 68.bxa5 Kxc5 69.Kf7 Kb5 70.Bc7 Kc6 71.Bd8 Kb7
72.Ke6 Ka8 73.Kd7 Kb7 74.Bb6 Ka8 75.a6 Kb8 76.Kc6 Ka8 77.a7  1/2-1/2

[Event "Cetinje"]
[Site "Cetinje"]
[Date "1996.??.??"]
[Round "?"]
[White "Poluljahov, Aleksandr"]
[Black "Tregubov, Pavel V"]
[Result "1/2-1/2"]
[WhiteElo "2480"]
[BlackElo "2470"]

1.e4 c5 2.Nc3 e6 3.Nf3 Nc6 4.d4 cxd4 5.Nxd4 Qc7 6.g3 a6 7.Bg2 Nf6 8.O-O Be7
9.Re1 O-O 10.Nxc6 dxc6 11.e5  1/2-1/2

[Event "Cetinje"]
[Site "Cetinje"]
[Date "1996.??.??"]
[Round "?"]
[White "Popovic, Mladen"]
[Black "Manakova, Maria"]
[Result "0-1"]
[WhiteElo "2305"]
[BlackElo "2290"]

1.e4 c5 2.Nf3 Nc6 3.Nc3 e6 4.d4 cxd4 5.Nxd4 Nf6 6.Be3 d6 7.Be2 Be7 8.O-O O-O
9.f4 a6 10.Bf3 Qc7 11.Qd2 Re8 12.Qf2 Rb8 13.a4 Bf8 14.Nb3 b6 15.g4 Na5 16.Nd2 Nd7
17.Be2 Bb7 18.Qh4 d5 19.e5 Be7 20.Qf2 Bc5 21.Bd4 Bxd4 22.Qxd4 Qc5 23.Nf3 Nc6
24.Qxc5 bxc5 25.Rad1 Nf8 26.Kg2 Nb4 27.Rd2 d4 28.Nd1 Nd5 29.Kg3 Ng6 30.Nh4 Nxh4
31.Kxh4 f6 32.exf6 gxf6 33.Kg3 Kg7 34.Bf3 e5 35.Bxd5 Bxd5 36.fxe5 fxe5 37.b3 e4
38.Ne3 Be6 39.Nf5+ Bxf5 40.Rxf5 e3 41.Re2 Rbc8 42.Rd5 Red8 43.Rxd8 Rxd8 44.Kf4 a5
45.Ke4 Rf8 46.c3 Rf2 47.Kd3 Rf4 48.h3 Kf6 49.b4 axb4 50.cxb4 cxb4 51.a5 Ke5
52.a6 b3 53.Rb2 Rf6 54.Rxb3 Rxa6 55.Rb5+ Kf4 56.Rf5+ Kg3 57.Kxd4 Re6  0-1

[Event "Cetinje"]
[Site "Cetinje"]
[Date "1996.??.??"]
[Round "?"]
[White "Popovic, Mladen"]
[Black "Milovanovic, Rade"]
[Result "0-1"]
[WhiteElo "2305"]
[BlackElo "2430"]

1.e4 c5 2.Nf3 e6 3.Nc3 Nc6 4.d4 cxd4 5.Nxd4 d6 6.g3 Nf6 7.Bg2 Bd7 8.O-O Be7
9.h3 O-O 10.Kh2 Nxd4 11.Qxd4 Bc6 12.Be3 a6 13.Rad1 Rc8 14.f4 b5 15.a3 Qc7
16.Rf2 Qb7 17.Qb6 Qa8 18.Qa7 Qxa7 19.Bxa7 e5 20.fxe5 dxe5 21.Nd5 Bxd5 22.exd5 Bd6
23.Be3 Nd7 24.Bf1 Bc5 25.Bxc5 Nxc5 26.Re2 f6 27.h4 Rfd8 28.c4 Nb3 29.cxb5 axb5
30.Bg2 Kf8 31.Re3 Nd4 32.Rd2 Rc1 33.Rc3 Rc8 34.Rdd3 Ke7 35.Bh3 Rc2+ 36.Kh1 Rc4
37.Bf1 Kd6 38.Rxc4 bxc4 39.Rc3 Rxb2  0-1